[Event "Chigorin Memorial 30th"]
[Site "St Petersburg"]
[Date "2023.10.29"]
[Round "9"]
[White "Mulishov, Roman"]
[Black "Dudkina, Uliana"]
[Result "1-0"]
[WhiteElo "1724"]
[BlackElo "1916"]
[PlyCount "67"]
[EventDate "2023.10.21"]
[EventType "swiss"]
[EventRounds "9"]
[EventCountry "RUS"]
[SourceTitle "Mega2024 Update 01"]
[Source "Chessbase"]
[SourceDate "2023.11.12"]
[SourceVersion "1"]
[SourceVersionDate "2023.11.12"]
[SourceQuality "1"]

1. e4 c5 2. Nf3 e6 3. c4 a6 4. Nc3 Qc7 5. d3 d6 6. Be2 Nd7 7. a3 Rb8 8. b4 cxb4 9. axb4 b5 10. Rb1 Ngf6 11. Bd2 bxc4 12. dxc4 Bb7 13. Bd3 Be7 14. Qc2 0-0 15. 0-0 Rfd8 16. Bf4 Rbc8 17. Rfc1 Nf8 18. h3 N6d7 19. Be3 Ng6 20. Na4 Ba8 21. c5 Bb7 22. c6 Bxc6 23. Bxa6 Ra8 24. Qxc6 Qxc6 25. Rxc6 Nb8 26. b5 Nxc6 27. bxc6 Rxa6 28. c7 Rf8 29. Nb6 Rxb6 30. Rxb6 Bf6 31. e5 Bxe5 32. Nxe5 dxe5 33. Rb8 Ne7 34. Bc5 1-0

[Event "Chigorin Memorial 30th"]
[Site "St Petersburg"]
[Date "2023.10.26"]
[Round "6"]
[White "Lopatin, Yuriy"]
[Black "Mulishov, Roman"]
[Result "0-1"]
[WhiteElo "2082"]
[BlackElo "1724"]
[PlyCount "88"]
[EventDate "2023.10.21"]
[EventType "swiss"]
[EventRounds "9"]
[EventCountry "RUS"]
[SourceTitle "Mega2024 Update 01"]
[Source "Chessbase"]
[SourceDate "2023.11.12"]
[SourceVersion "1"]
[SourceVersionDate "2023.11.12"]
[SourceQuality "1"]

1. d4 d5 2. c4 c6 3. Nf3 Nf6 4. cxd5 cxd5 5. Nc3 Nc6 6. Bf4 a6 7. a3 Bg4 8. Ne5 Bd7 9. e3 e6 10. Bd3 Nxe5 11. dxe5 Ng8 12. h4 Bc6 13. Ne2 Qb6 14. b4 a5 15. b5 Bd7 16. a4 Bb4+ 17. Kf1 Rc8 18. h5 Ne7 19. Qb1 h6 20. Rh3 Nf5 21. g4 Ne7 22. Rg3 Bd2 23. Qd1 Bb4 24. g5 d4 25. gxh6 gxh6 26. e4 Kd8 27. Rc1 Rxc1 28. Qxc1 Qc5 29. Bxh6 Qxc1+ 30. Bxc1 Rxh5 31. Bb2 Rxe5 32. Rh3 Rg5 33. Bxd4 e5 34. Bb6+ Ke8 35. Rh8+ Rg8 36. Rxg8+ Nxg8 37. Bc7 Bh3+ 38. Kg1 f6 39. Bc4 Ne7 40. Kh2 Bg4 41. Kg3 Bh5 42. Nc1 Bd1 43. Nb3 Nc8 44. Nxa5 Kd7 0-1

[Event "Chigorin Memorial 29th"]
[Site "St Petersburg"]
[Date "2022.10.29"]
[Round "8"]
[White "Mulishov, Roman"]
[Black "Podsevny, Alexander"]
[Result "0-1"]
[WhiteElo "1613"]
[BlackElo "1879"]
[PlyCount "126"]
[EventDate "2022.10.22"]
[EventType "swiss"]
[EventRounds "9"]
[EventCountry "RUS"]
[SourceTitle "EXT 2024"]
[Source "ChessBase"]
[SourceDate "2023.10.10"]
[SourceVersion "1"]
[SourceVersionDate "2023.10.10"]
[SourceQuality "1"]

1. e4 g6 2. d4 Bg7 3. Nf3 d6 4. Be3 Nf6 5. Nc3 0-0 6. Bc4 c6 7. 0-0 d5 8. exd5 cxd5 9. Bb3 Bg4 10. h3 Bxf3 11. Qxf3 e6 12. Rfd1 Ne8 13. Bf4 Nc6 14. Ne2 Nd6 15. Bxd6 Qxd6 16. c3 b5 17. Nf4 b4 18. Nd3 bxc3 19. bxc3 Rfc8 20. Rac1 Qa3 21. Nc5 a5 22. Ba4 Nd8 23. Qf4 Qxa2 24. Rb1 Qc4 25. Bb5 Qxc3 26. Rbc1 Qb2 27. Rb1 Qc2 28. Bd7 Rcb8 29. Ba4 Qxb1 30. Rxb1 Rxb1+ 31. Kh2 Rb4 32. Qd6 Bxd4 33. Nd7 Bg7 34. Qe7 h5 35. Qe8+ Kh7 36. Nc5 Be5+ 37. g3 h4 38. Nd3 hxg3+ 39. Kg2 Re4 40. Nxe5 Rxe5 41. Kxg3 Re4 42. f3 Rb4 43. h4 Kg7 44. h5 gxh5 45. Bc2 a4 46. Qe7 h4+ 47. Kh3 Nc6 48. Qg5+ Kf8 49. Qf6 Rab8 50. Qc3 Rc4 51. Qa3+ Kg8 52. Qd3 a3 53. Bb3 Rf4 54. Qe3 Rbb4 55. Bxd5 exd5 56. Qe8+ Kg7 57. Qxc6 Rxf3+ 58. Kg2 Rg3+ 59. Kh2 Rb2+ 60. Kh1 Rd3 61. Qc1 Rdd2 62. Qg1+ Kh7 63. Qe1 Rh2+ 0-1

[Event "Chigorin Memorial 29th"]
[Site "St Petersburg"]
[Date "2022.10.24"]
[Round "3"]
[White "Esipenko, Aleksandr"]
[Black "Mulishov, Roman"]
[Result "1/2-1/2"]
[WhiteElo "2156"]
[BlackElo "1613"]
[PlyCount "86"]
[EventDate "2022.10.22"]
[EventType "swiss"]
[EventRounds "9"]
[EventCountry "RUS"]
[SourceTitle "EXT 2024"]
[Source "ChessBase"]
[SourceDate "2023.10.10"]
[SourceVersion "1"]
[SourceVersionDate "2023.10.10"]
[SourceQuality "1"]

1. d4 d5 2. Nf3 Nf6 3. e3 c5 4. b3 Nc6 5. Bb2 Bf5 6. Bd3 Bxd3 7. Qxd3 g6 8. a3 cxd4 9. exd4 Bg7 10. Nbd2 0-0 11. 0-0 Qc7 12. Ne5 Nd7 13. f4 Rac8 14. Rac1 Ndxe5 15. dxe5 e6 16. Nf3 f6 17. exf6 Bxf6 18. Bxf6 Rxf6 19. g3 Rff8 20. Rfe1 Rfe8 21. Re2 Re7 22. Rce1 Rce8 23. Kg2 Qd6 24. b4 e5 25. fxe5 Nxe5 26. Nxe5 Rxe5 27. Rxe5 Rxe5 28. Re3 Rxe3 29. Qxe3 Qc6 30. Qd3 a6 31. c3 d4+ 32. Kf2 dxc3 33. Qc2 Kf7 34. Ke3 Ke6 35. Kd4 Qd6+ 36. Kxc3 Qc6+ 37. Kd3 Qxc2+ 38. Kxc2 Ke5 39. Kd3 Kd5 40. a4 b6 41. Kc3 g5 42. g4 b5 43. axb5 axb5 1/2-1/2

[Event "Chigorin Memorial 28th"]
[Site "St Petersburg"]
[Date "2021.10.31"]
[Round "9"]
[White "Zayed, Ali Al Hamed"]
[Black "Mulishov, Roman"]
[Result "1-0"]
[WhiteElo "1957"]
[BlackElo "1410"]
[PlyCount "73"]
[EventDate "2021.10.23"]
[EventType "swiss"]
[EventRounds "9"]
[EventCountry "RUS"]
[SourceTitle "EXT 2023"]
[Source "ChessBase"]
[SourceDate "2022.10.05"]
[SourceVersion "1"]
[SourceVersionDate "2022.10.05"]
[SourceQuality "1"]

1. e4 c5 2. Nf3 e6 3. d4 cxd4 4. Nxd4 Nc6 5. Nc3 a6 6. g3 Qc7 7. Bg2 Bb4 8. 0-0 Nf6 9. Nb3 Bxc3 10. bxc3 Ne7 11. Qe2 0-0 12. e5 Nfd5 13. c4 Nc3 14. Qd3 Qxe5 15. Ba3 Re8 16. Rfe1 Qf6 17. Nc5 d5 18. Bb4 d4 19. Bxc3 dxc3 20. Ne4 Qg6 21. Qxc3 Nc6 22. Nd6 Rd8 23. c5 Rb8 24. Rab1 Bd7 25. Nxb7 Rdc8 26. Red1 Rc7 27. Rxd7 Rxd7 28. Bxc6 Rc7 29. Bg2 Qg5 30. c6 h6 31. Rd1 Rbc8 32. h4 Qb5 33. Nd6 Rd8 34. Nxb5 Rxd1+ 35. Kh2 axb5 36. Qa5 Rc8 37. Qxb5 1-0

[Event "Chigorin Memorial 28th"]
[Site "St Petersburg"]
[Date "2021.10.29"]
[Round "7"]
[White "Zakharov, Sergey1111"]
[Black "Mulishov, Roman"]
[Result "0-1"]
[WhiteElo "1768"]
[BlackElo "1410"]
[PlyCount "88"]
[EventDate "2021.10.23"]
[EventType "swiss"]
[EventRounds "9"]
[EventCountry "RUS"]
[SourceTitle "EXT 2023"]
[Source "ChessBase"]
[SourceDate "2022.10.05"]
[SourceVersion "1"]
[SourceVersionDate "2022.10.05"]
[SourceQuality "1"]

1. d4 d5 2. c4 e6 3. g3 Nf6 4. Bg2 Bb4+ 5. Bd2 Bxd2+ 6. Qxd2 c6 7. Nf3 Nbd7 8. b3 0-0 9. 0-0 Ne4 10. Qc2 Re8 11. Nbd2 Nef6 12. e4 e5 13. dxe5 Nxe5 14. Nxe5 Rxe5 15. exd5 cxd5 16. Nf3 Re7 17. cxd5 Qxd5 18. Rad1 Qa5 19. Rfe1 Bf5 20. Qb2 Rae8 21. Rxe7 Rxe7 22. b4 Qb6 23. Re1 Rxe1+ 24. Nxe1 Be4 25. Bxe4 Nxe4 26. Qc2 Qe6 27. Nd3 g6 28. Nf4 Qc6 29. Qd3 Nf6 30. a3 Qe4 31. Qc3 Qe7 32. h4 h5 33. f3 a6 34. Kf2 Kh7 35. Nh3 Nd5 36. Qd4 Nc7 37. Ng5+ Kg8 38. Ne4 Nb5 39. Qd3 Qe5 40. Nc5 Qb2+ 41. Ke3 Nxa3 42. Qd8+ Kh7 43. Qd7 Nc4+ 44. Kf4 Qe5# 0-1